000
00297nam a22001217a 4500
008
180813b xxu||||| |||| 00| 0 eng d
041
_a
eng
080
_a
616-053.2
100
_a
8
101
_a
PED
245
_a
To the Doctor Devoted to the Welfare of Children
_c
Stevenson,F.E
942
_2
udc
_c
BK
999
_c
47020
_d
47020